| 000 | 00842nam a2200253Ia 4500 | ||
|---|---|---|---|
| 003 | OSt | ||
| 005 | 20220926024455.0 | ||
| 006 | a|||||r|||| 00| 0 | ||
| 007 | ta | ||
| 008 | 220923b |||||||| |||| 00| 0 eng d | ||
| 020 |
_a9781847881984 _c1195.01 |
||
| 037 |
_b5919, 26/10/2010, Efficient Book Distributors _cGeneral Book |
||
| 040 |
_aRTL _cRTL _beng |
||
| 041 |
_2eng _aeng |
||
| 082 | _aY7, P8 | ||
| 100 |
_aWerbner Pnina _9145530 |
||
| 245 | 0 |
_aAnthropology and the new cosmopolitanism _b Rooted, feminist and vernacular perspectives |
|
| 260 |
_aOxford _bBerg _c2008 |
||
| 300 |
_axii, 382p Bibliography chapterwise _ccm. |
||
| 490 | _aA S A Monographs; 45 | ||
| 650 | _aSociology | ||
| 942 |
_hY7, P8 _cGB _2CC |
||
| 999 |
_c644374 _d644374 |
||